LEADER 01038cam0-2200361---450 001 990004174110403321 005 20241002125622.0 010 $a0-485-11295-7 035 $a000417411 035 $aFED01000417411 035 $a(Aleph)000417411FED01 035 $a000417411 100 $a19990604d1986----km-y0itay50------ba 101 0 $aeng 102 $aGB 105 $ay-------001cy 200 1 $aPlato's socratic conversations$edrama and dialectic in three dialogues$fMichael C. Stokes 210 $aLondon$cAthlone$d1986 215 $aXIII, 520 p.$d23 cm 610 0 $aPlatone 610 0 $aPlatone$aDialoghi 676 $a184 700 1$aStokes,$bMichael C.$0162918 801 0$aIT$bUNINA$gRICA$2UNIMARC 901 $aBK 912 $a990004174110403321 952 $a184 PLAT/S 115$bBibl. 22265$fFLFBC 952 $aP.1 PLATO/S 115 BIS$bBibl. 11543$fFLFBC 952 $aDDR-XXVI Ab 156$b1238 ddr$fDDR$m21-9388 959 $aFLFBC 959 $aDDR 996 $aPlato's socratic conversations$9485935 997 $aUNINA